Регионална библиотека "Любен Каравелов" - Русе

Чародей (Запис номер 102237)

MARC детайли
000 -Лидер
Контролно поле с фиксирана дължина 00985nam a2200301 c 4500
003 - Код на организацията, давaща контролен номер
Контролно поле BLK
005 - Дата и час на последна редакция
Контролно поле 20241107102808.0
008 - Елементи от данни с фиксирана дължина
fixed length control field 180409b bul|||||r ||||||| ||bul||
010 ## - Наследен системен номер
LC control number KNG00107302000
020 ## - Международен стандартен номер на книга ISBN
Международен стандартен номер на книга ISBN 954-780-010-8
-- издат.: VENUS PRESS
040 ## - Източник на каталожния запис
Идентификатор на билиотеката - собственик на записа BLK
041 ## - Код за език
Код за езика на текст/звукозапис или на отделно заглавие Български
Код за езика КДБФ Български
080 ## - УДК
Текстов определител УДК ?Литература на ЮАР
УДК код - определител по УДК 896(680)
УДК определител -31
УДК - код + определител 896(680)-31
100 1# - Редна дума - Автор
Автор Смит, Уилбър Едисън
Авторска отговорност първи автор
R(LIN) 242238
139 ## - Редно поле
Редна дума Смит, Уилбър Едисън
Авторски знак Сми - С 47
245 10 - Сведения за заглавието
Заглавие Чародей
Подзаглавни данни Роман
Редно поле (дума) Уилбър Едисън Смит.
257 ## - Страна на издаване
Страна на създаване/издаване Южно-африканска република
260 ## - Област на издателските данни
-- София
Име на издателя, разпространителя и проч. VENUS PRESS
Година на издаване 2003
300 ## - Физическа характеристика
Страници 606 с.
Размери/Мащаб 20 см
380 ## - Жанр
Жанр Худож. лит.
500 ## - Общи забележки
Забележка Ориг. загл. Warlock / Wilbur Smith
852 ## - Местоположение
Форматна сигнатура Цб 215579
856 4# - Електронен адрес и достъп
Електронен формат pdf - файл
Път до файла /url/
856 4# - Електронен адрес и достъп
Електронен формат pdf - файл
Път до файла /url/
942 ## - АРТИКУЛИ
Вид на библиотечния материал Книги
Скрит в OPAC Не
Koha issues (borrowed), all copies 10
944 ## - СЪЗДАВАНЕ И РЕДАКЦИЯ на ЗАПИСА
Създаване/Редакция Създаване
Дата на регистрацията/редакция 15.01.2003
Статус, дата на статуса Мартин Енчев
Служител, извършил регистрацията/редакцията 30575
944 ## - СЪЗДАВАНЕ И РЕДАКЦИЯ на ЗАПИСА
Създаване/Редакция Редакция
Дата на регистрацията/редакция 18.01.2005
Статус, дата на статуса ф /
Служител, извършил регистрацията/редакцията
999 ## - СИСТЕМНИ КОНТРОЛНИ НОМЕРА
Koha biblionumber 102237
Koha biblioitemnumber 102237
Наличности
Код за отписване Код за изгубен артикул Източник на класификационната схема Код за повреда Коз за рестрикции Код за отдаване Артикулен № Име на библиотеката - собственик Име на библиотеката, в която се намира в момента Статус (Текущо местоположение) Дата на вписване в системата Местоположение - отдел Цена в лева Инвентарен номер Систематично азбучна сигнатура Баркод Номер на екземпляра Цена в евро Служебна бележка Служебен тип на артикула
Изтеглен Не е изгубен Universal Decimal Classification Не е повреден без рестрикции заемане за дома 165198 Регионална библиотека "Любен Каравелов" Русе Регионална библиотека "Любен Каравелов" Русе Заемна - подръчен фонд 2003-07-29 Заемна - подръчен фонд 9.00 120000677977 П 896-31/С 47 120000677977 1 4.60 Дост: Pk Вид: Ф N: 16239 Дата: 25.07.2003 Книги
Изтеглен Не е изгубен Universal Decimal Classification Не е повреден без рестрикции заемане за дома 165199 Регионална библиотека "Любен Каравелов" Русе Регионална библиотека "Любен Каравелов" Русе Заемна - подръчен фонд 2003-07-29 Заемна - подръчен фонд 9.00 120000677978 П 896-31/С 47 120000677978 2 4.60 Дост: Pk Вид: Ф N: 16239 Дата: 25.07.2003 Дата инв: 12.03.2018 Бележки инв: П2018 Книги
  Не е изгубен   Не е повреден без рестрикции ползва се в читалня 165200 Регионална библиотека "Любен Каравелов" Русе Регионална библиотека "Любен Каравелов" Русе Хранилище 2005-01-18 Хранилище 9.00 120000691124 Цб 215579 120000691124 3 4.60 Дост: Dp Вид: Д N: 11 Дата: 02.03.2004 Книги
Vip Innovations Ltd, Rousse, Bulgaria 2025